|
|
|
|
| LEADER |
01243nam a2200361 a 4500 |
| 001 |
000480897 |
| 003 |
CZ BrMZK |
| 005 |
20101101143440.0 |
| 007 |
ta |
| 008 |
000115s2000 xr c f cze d |
| 015 |
|
|
|a cnb000966514
|
| 020 |
|
|
|a 80-7190-049-4
|
| 035 |
|
|
|a (OCoLC)45372139
|
| 040 |
|
|
|a BOA001
|b cze
|
| 072 |
|
7 |
|a 821-93
|x Literatura pro děti a mládež (beletrie)
|2 Konspekt
|9 26
|
| 072 |
|
7 |
|a 821.162.3-3
|x Česká próza
|2 Konspekt
|9 25
|
| 080 |
|
|
|a 821-93
|2 MRF
|
| 080 |
|
|
|a 821.162.3-31
|2 MRF
|
| 080 |
|
|
|a (0:82-31)
|2 MRF
|
| 100 |
1 |
|
|a Suchl, Jan,
|d 1928-
|7 jk01121710
|4 aut
|
| 245 |
1 |
0 |
|a Senzační trio /
|c Jan Suchl
|
| 250 |
|
|
|a Vyd. 4.
|
| 260 |
|
|
|a Praha :
|b Erika,
|c 2000
|
| 300 |
|
|
|a 203 s. :
|b il. ;
|c 21 cm
|
| 490 |
1 |
|
|a Dívčí román
|
| 655 |
|
7 |
|a české romány
|7 fd133974
|2 czenas
|
| 655 |
|
7 |
|a dívčí romány
|7 fd132186
|2 czenas
|
| 655 |
|
7 |
|a publikace pro mládež
|7 fd133157
|2 czenas
|
| 830 |
|
0 |
|a Dívčí román (Erika)
|
| 856 |
4 |
1 |
|u http://www.digitalniknihovna.cz/mzk/uuid/uuid:bd56a580-0783-11e4-83c7-005056827e51
|y Digitalizovaný dokument
|x NDK
|
| 910 |
|
|
|a BOA001
|b 2-1073.361
|
| 990 |
|
|
|a BK
|
| 996 |
6 |
|
|b 2610115867
|c 2-1073.361
|l MZK
|r Sklad / do 1 hodiny
|n 2
|p p.v.
|w 000480897
|u 000010
|a 1
|e BOA001
|j MZK50
|s P
|